| 000 | 00681cam a2200229u 4500 | ||
|---|---|---|---|
| 999 |
_c9055 _d9055 |
||
| 001 | 9055 | ||
| 003 | BD-JhCC | ||
| 005 | 20180307195934.0 | ||
| 008 | 180306s1953 enka 000 0 eng | ||
| 010 | _a 54002212 | ||
| 035 | _a(BD-JhCC)9055 | ||
| 040 |
_aDLC _cCarP _dDLC _dBD-JhCC |
||
| 050 | 0 | 0 |
_aQD40 _b.N42 1953 |
| 082 |
_a540.712 _bNEW 1953 |
||
| 100 | 1 | _aNewbury, Norman Frederick. | |
| 245 | 1 | 4 |
_aThe teaching of chemistry in tropical secondary schools / _cNorman Frederick Newbury |
| 260 |
_aLondon, _bOxford University Press, _c1953. |
||
| 300 |
_a299 p. : _billus. _c22 cm. |
||
| 504 | _aIncludes Index. | ||
| 650 | 0 |
_aChemistry _xStudy and teaching. |
|
| 942 |
_2ddc _cBK |
||